El país de la lectura / (Registro nro. 14686)

Detalles MARC
000 -LIDER
fixed length control field 00967nam a2200289 a 4500
001 - NÚMERO DE CONTROL
Identificador de número de control
003 - IDENTIFICACDOR DE NÚMERO DE CONTROL
control field DO-SdBNP
005 - DATE AND TIME OF LATEST TRANSACTION
control field 20240624130501.0
008 - ELEMENTOS DE LONGITUD FIJA
fixed length control field 130826s2008 ag a 000 0 spa d
020 ## - ISBN
International Standard Book Number 9789507714986
040 ## - FUENTE DE CATALOGACIÓN
Agencia que crea de manera original el registro DO-SdBNP
Idioma de catalogación spa
Agencia que realiza la transcripción BPMSU
082 ## - NÚMERO DE CLASIFICACIÓN DECIMAL DE DEWEY
Classification number 372.41
Item number P149l 2008
Edition number 22
245 03 - MENCIÓN DE TITULO
Título El país de la lectura /
Mención de responsabilidad selección Alicia Esaín ; ilustracines Damán Zain
246 14 - VARIACION DEL TÍTULO
Título propiamente dicho o título corto El país de los números :
Subtítulo Para leer disfrutando y comprender lo leído
250 ## - MENCIÓN DE EDICION
Mención de edición
260 ## - PUBLICACIÓN, DISTRIBUCIÓN, ETC. (PIE DE IMPRENTA)
Lugar de publicación, distribución, etc Colombia :
Nombre del editor, distribuidor, etc. Arqueotipo Grupo Editorial,
Fecha de publicación, distribución, etc 2008
300 ## - DESCRIPCIÓN FÍSICA
Extensión 351 p. :
Otros detalles físicos ils. ;
Dimensiones 27 cm.
490 0# - MENCIÓN DE SERIES
Mención de serie Biblioteca Talleres Prácicos
500 ## - NOTA GENERAL
Nota general
590 ## - NOTA LOCAL
Texto de la nota local Inventariado, 2024/VM
Enlace
650 #4 - ENCABEZAMIENTO DE MATERIA--TEMÁTICO
Término temático o nombre geográfico como elemento de entrada Comprensión de lectura
Subdivisión temática general Enseñanza primaria
--
650 #4 - ENCABEZAMIENTO DE MATERIA--TEMÁTICO
Término temático o nombre geográfico como elemento de entrada Lectura
Subdivisión temática general Enseñanza primaria
700 1# - ASIENTO SECUNDARIO -- NOMBRE PERSONAL
Nombre personal Zain, Damán
Mención de responsabilidad ilustraciones
700 1# - ASIENTO SECUNDARIO -- NOMBRE PERSONAL
Nombre personal Esaín, Alicia
Mención de responsabilidad selección
910 ## - VALIDACIÓN
Validación VMateo V. Control de calidad. BPMSU
942 ## - ADDED ENTRY ELEMENTS (KOHA)
Source of classification or shelving scheme Dewey Decimal Classification
Koha item type Libros
Existencias
Withdrawn status Lost status Source of classification or shelving scheme Damaged status Not for loan Collection code Home library Current library Date acquired Total Checkouts Full call number Barcode Date last seen Price effective from Koha item type Copy number
    Dewey Decimal Classification     Colección Infantil General Biblioteca Pública Metropolitana Salomé Ureña Biblioteca Pública Metropolitana Salomé Ureña 06/24/2024   BPMSU CGI 372.41 P149l 2008 BPMSU24060086 06/24/2024 06/24/2024 Libros  
    Dewey Decimal Classification     Colección Infantil General Biblioteca Pública Metropolitana Salomé Ureña Biblioteca Pública Metropolitana Salomé Ureña 06/24/2024   BPMSU CGI 372.41 P149l 2008 BPMSU24070037 07/09/2024 06/24/2024 Libros e.2